000 01118cam a22003497a 4500
003 CHAP
005 20220817043857.0
008 030131d2002 it a r 00110 eng d
010 _a86817
011 _a87789
035 _a98333
040 _cCHAP
090 _aFolleto 16559
110 2 _aFAO
245 1 0 _aWater:
_bsource of food security
_c/by FAO
260 _aRome :
_bFAO,
_c2002
300 _a1 hoja desplegable :
_bilus.
590 _aBATCH-UPD
_b10
_c20130110
_lUCH01
_h1317
590 _aBATCH-UPD
_b10
_c20130410
_lUCH01
_h0828
590 _aBATCH-UPD
_b10
_c20141001
_lUCH01
_h1312
590 _aCONVERSION
_b10
_c20130109
_lUCH01
_h1348
650 1 4 _aAgua
_xAbastecimiento.
_92223
650 1 4 _aAgua
_xAprovechamiento.
_92282
650 1 4 _aAgua
_xDistribucion.
_92366
650 1 4 _aAgua
_xUtilización.
_92401
650 1 4 _aAlimentos
_xAgua en.
_94161
901 _aBK
942 _cFOLL
949 _aFolleto 16559
_bBC
_cFAO
_d33724002002090
_eFAO1
_i98333
_sb
949 _aFolleto 16559
_bBC
_cFAO
_d33724002002173
_eFAO2
_fc.3
_i98333
_sb
949 _aFolleto 16559
_bBC
_cFAO
_d33724002002215
_eFAO2
_fc.2
_i98333
_sb
999 _c86817
_d86817